<?xml version="1.0" encoding="UTF-8"?><?xml-stylesheet type="text/xsl" href="static/style.xsl"?><OAI-PMH xmlns="http://www.openarchives.org/OAI/2.0/" xmlns:xsi="http://www.w3.org/2001/XMLSchema-instance" xsi:schemaLocation="http://www.openarchives.org/OAI/2.0/ http://www.openarchives.org/OAI/2.0/OAI-PMH.xsd"><responseDate>2026-04-14T05:12:35Z</responseDate><request verb="GetRecord" identifier="oai:www.recercat.cat:2072/287753" metadataPrefix="marc">https://recercat.cat/oai/request</request><GetRecord><record><header><identifier>oai:recercat.cat:2072/287753</identifier><datestamp>2024-12-13T11:07:55Z</datestamp><setSpec>com_2072_96859</setSpec><setSpec>com_2072_96858</setSpec><setSpec>com_2072_96852</setSpec><setSpec>com_2072_2015</setSpec><setSpec>col_2072_96860</setSpec></header><metadata><record xmlns="http://www.loc.gov/MARC21/slim" xmlns:dcterms="http://purl.org/dc/terms/" xmlns:xsi="http://www.w3.org/2001/XMLSchema-instance" xmlns:doc="http://www.lyncode.com/xoai" xsi:schemaLocation="http://www.loc.gov/MARC21/slim http://www.loc.gov/standards/marcxml/schema/MARC21slim.xsd">
   <leader>00925njm 22002777a 4500</leader>
   <datafield ind2=" " ind1=" " tag="042">
      <subfield code="a">dc</subfield>
   </datafield>
   <datafield ind2=" " ind1=" " tag="720">
      <subfield code="a">Steels, Luc</subfield>
      <subfield code="e">author</subfield>
   </datafield>
   <datafield ind2=" " ind1=" " tag="520">
      <subfield code="a">Flow theory is a way to explain how humans can be self-motivated and reach a state of high focus and intense, very effective learning. Usually this theory is merely descriptive but recently it has also been operationalized and used as the basis for building autonomous agents. This paper examines how such an operationalization can be incorporated in computer-supported learning environments such as MOOCs. It also expands the notion of flow to take into account ‘social flow’ occurring in a group of learners, such as a sports team or a small Jazz ensemble. We discuss how this kind of social flow can be induced, what the benefits are, and how it is relevant for building learning communities through web and social media.</subfield>
   </datafield>
   <datafield ind2=" " ind1=" " tag="520">
      <subfield code="a">This book and most of the research reported here came out of the European FP7 project PRAISE (EU FP7 number 318770), funded by the European Commission under program FP7-ICT-2011-8.</subfield>
   </datafield>
   <datafield ind1="8" ind2=" " tag="024">
      <subfield code="a">Steels L. Music Learning with Massive Open Online Courses (MOOCs). Amsterdam: IOS Press; 2015. Chapter 4, Social flow in social MOOCs; p. 59-72. DOI  10.3233/978-1-61499-593-7-59</subfield>
   </datafield>
   <datafield ind1="8" ind2=" " tag="024">
      <subfield code="a">978-1-61499-592-0</subfield>
   </datafield>
   <datafield ind1="8" ind2=" " tag="024">
      <subfield code="a">http://dx.doi.org/10.3233/978-1-61499-593-7-59</subfield>
   </datafield>
   <datafield ind1="8" ind2=" " tag="024">
      <subfield code="a">http://hdl.handle.net/10230/25819</subfield>
   </datafield>
   <datafield tag="653" ind2=" " ind1=" ">
      <subfield code="a">Internet en l'ensenyament</subfield>
   </datafield>
   <datafield tag="653" ind2=" " ind1=" ">
      <subfield code="a">Interacció social</subfield>
   </datafield>
   <datafield tag="653" ind2=" " ind1=" ">
      <subfield code="a">Flow</subfield>
   </datafield>
   <datafield tag="653" ind2=" " ind1=" ">
      <subfield code="a">Social Flow</subfield>
   </datafield>
   <datafield tag="653" ind2=" " ind1=" ">
      <subfield code="a">Autotelic principle</subfield>
   </datafield>
   <datafield tag="653" ind2=" " ind1=" ">
      <subfield code="a">MOOCs</subfield>
   </datafield>
   <datafield tag="653" ind2=" " ind1=" ">
      <subfield code="a">Online learning</subfield>
   </datafield>
   <datafield tag="653" ind2=" " ind1=" ">
      <subfield code="a">Distance-education</subfield>
   </datafield>
   <datafield tag="653" ind2=" " ind1=" ">
      <subfield code="a">Social MOOCs</subfield>
   </datafield>
   <datafield ind2="0" ind1="0" tag="245">
      <subfield code="a">Social flow in social MOOCs</subfield>
   </datafield>
</record></metadata></record></GetRecord></OAI-PMH>